00658nam a2200169 4500001000700000003000900007005001700016007000300033008004100036100003600077245011100113260004100224300005000265852003200315999001900347952012200366124111ES-MaACL20230906192326.0t|070214s1971 sp r ||||1| cat d1 aRamón i Morros, Jaume.99521610aTres escoles d'escalada b: Sant-Llorenç del Munt, El sot del Bac, Els Mollons / cJaume Ramón Morros. aBarcelona : bRafael Dalmau, c1971. a125 p., 11 plan., 2 lám. : bil. ; c17 cm. aES-MaACLjC-40823 bR.77415 c124111d124111 00104070aATENEOMbATENEOMcDEPO2d2008-01-17eSCl0oC-40823p1129299r2023-02-23 00:00:00w2023-02-23yMONOGRAFIA